000 01705cam a2200517 4500
001 J125510
008 040322n2003 000 0 eng u
035 _a(Sirsi) u125510
041 _aeng
050 _a692.3
_c18
110 _aConstruction Industry Federation
_92255
245 _aAgreed rules of measurement
_bissue three 2003
260 _aDublin
_bSCS
_c2003
300 _a161p.
_c30cm.
350 _a40
490 _aConstruction Industry Federation Agreed Rules of Measurement
_v3 2003
505 _aGeneral rules
505 _aPreliminaries
505 _aDemolition and alterations
505 _aExcavation and earthwork
505 _aPiling
505 _aConcrete work
505 _aBrickwork and blockwork
505 _aStonework
505 _aRoofing, cladding and waterproofing
505 _aWoodwork
505 _aSteelwork
505 _aMetalwork
505 _aMechanical installations
505 _aElectrical installations
505 _aFloor wall and ceiling finishings
505 _aGlazings
505 _aPainting and decorating
505 _aDrainage
505 _aSurface pavings, fencing and landscaping
505 _aFittings, equipment and furniture
520 _aThe latest revision of the "Agreed rules of measurement" provides a uniform basis for measuring building work and embodies the essentials of good practice in the Republic of Ireland.
520 _aSupersedes 1994 ed. (J2930).
650 _aBUILDING WORKS
650 _aBUILDING MEASUREMENT
650 _aIRELAND
650 _aAGREED RULES OF MEASUREMENT
690 _aQuantity surveying
_96263
710 _aSociety of Chartered Surveyors
_93030
942 _n0
999 _c103423
_d103423